[Event "8th Gibtelecom Masters"]
[Site "Caleta ENG"]
[Date "2010.02.01"]
[Round "7"]
[White "Arakhamia Grant,K"]
[Black "Weber,Franc ESP"]
[Result "1-0"]
[WhiteElo "2470"]
[BlackElo "2149"]

1.e4 e6 2.d4 d5 3.Nc3 Bb4 4.e5 Qd7 5.a3 Bf8 6.f4 h5 7.Be3 g6 8.Nf3 Nh6 9.Qd2 b6
10.Bb5 c6 11.Ba4 a5 12.Ne2 Qc7 13.g3 Nd7 14.h3 Nf5 15.Bf2 b5 16.Bb3 Nb6 17.Rg1 Nc4
18.Bxc4 bxc4 19.g4 Ne7 20.Nc3 a4 21.Na2 Bb7 22.Nb4 O-O-O 23.Ng5 Ng8 24.c3 hxg4
25.hxg4 Rh2 26.O-O-O c5 27.Nc2 Bc6 28.Rh1 Rxh1 29.Rxh1 Nh6 30.Rh4 cxd4 31.Nxd4 Bd7
32.Be3 Bg7 33.Rxh6 Bxh6 34.Nxf7 Bg7 35.Nxd8 Qxd8 36.Qh2 Qh8 37.Qxh8+ Bxh8
38.Nf3 Bg7 39.Bc5 Bh6 40.g5 Bg7 41.Kd2 Be8 42.Nd4 Bd7 43.Nc2 Kb7 44.Nb4 Bc8
45.Ke3 Bd7 46.Kd4 Be8 47.Be7 Kb6 48.Nc2 Kc6 49.Ne3 Kd7 50.Bd6 Kc6 51.Ng4 Bf7
52.Bb4 Be8 53.Nh6 Kb6 54.Ng8 Bc6 55.Nf6 Kb5 56.f5 exf5 57.Nxd5 Bd7 58.Nf4 Be8
59.Ne6  1-0

[Event "TCh-NED 2009-10"]
[Site "Netherlands NED"]
[Date "2010.02.06"]
[Round "6"]
[White "De Vreugt,D"]
[Black "Baeumler,I"]
[Result "1-0"]
[WhiteElo "2430"]
[BlackElo "2265"]

1.e4 e6 2.d4 d5 3.Nc3 Bb4 4.e5 Ne7 5.a3 Bxc3+ 6.bxc3 c5 7.Nf3 Bd7 8.dxc5 Qa5
9.Bd3 Bb5 10.Rb1 Bxd3 11.Qxd3 Nd7 12.Rxb7 Nxc5 13.Qb5+ Qxb5 14.Rxb5 Ne4 15.Rb7 Nc6
16.Rc7 Na5 17.Nd4 Nc4 18.f3 Nxc3 19.Bd2 Nxd2 20.Kxd2 Na4 21.Nb5 O-O 22.Nd6 Nb6
23.Rb1 f6 24.a4 Rab8 25.Kc1 a5 26.Rb5 Nxa4 27.Rxa5 Ra8 28.Raa7 Rxa7 29.Rxa7 Nb6
30.Re7 fxe5 31.Rxe6 Nd7 32.Re7 Rd8 33.Nf5 Kf8 34.Rxg7 Nf6 35.g4 e4 36.g5 exf3
37.gxf6 f2 38.Ng3  1-0

[Event "TCh-NED 2009-10"]
[Site "Netherlands NED"]
[Date "2010.02.06"]
[Round "6"]
[White "Michielsen,J"]
[Black "Miedema,R"]
[Result "1-0"]
[WhiteElo "2373"]
[BlackElo "2396"]

1.e4 e6 2.d4 d5 3.Nc3 Bb4 4.e5 Ne7 5.a3 Bxc3+ 6.bxc3 c5 7.Qg4 O-O 8.Bd3 Nbc6
9.Bg5 Qa5 10.Ne2 Qa4 11.h4 Ng6 12.f4 c4 13.Bxg6 fxg6 14.Kd2 h5 15.Qf3 Bd7
16.g4 Be8 17.Rag1 hxg4 18.Qxg4 Rf5 19.h5 gxh5 20.Qg2 Qa5 21.Bd8  1-0

[Event "TCh-Eur Seniors"]
[Site "Dresden GER"]
[Date "2010.02.10"]
[Round "1"]
[White "Barz,H"]
[Black "Niebling,F"]
[Result "1/2-1/2"]
[WhiteElo "2030"]
[BlackElo "2197"]

1.e4 e6 2.d4 d5 3.Nc3 Bb4 4.e5 Ne7 5.Bd3 c5 6.a3 Bxc3+ 7.bxc3 Nbc6 8.Nf3 Bd7
9.O-O Qa5 10.Re1 O-O 11.a4 c4 12.Bf1 f5 13.exf6 gxf6 14.Ba3 Nf5 15.Qd2 Qc7
16.g3 Rae8 17.Bg2 h5 18.Bc1 h4 19.Qe2 e5 20.dxe5 fxe5 21.Be3 hxg3 22.fxg3  1/2-1/2

[Event "TCh-FIN 2009-10"]
[Site "Finland FIN"]
[Date "2010.02.13"]
[Round "6"]
[White "Penttinen,J"]
[Black "Tolonen,L"]
[Result "0-1"]
[WhiteElo "2291"]
[BlackElo "2337"]

1.e4 e6 2.d4 d5 3.Nc3 Bb4 4.e5 Qd7 5.Qg4 f5 6.Qg3 b6 7.a3 Bxc3+ 8.bxc3 Ba6
9.Bxa6 Nxa6 10.a4 O-O-O 11.a5 b5 12.Ba3 Nh6 13.Ne2 Rhg8 14.h4 Nf7 15.Nf4 Rde8
16.Qd3 c5 17.Qe2 c4 18.Nh5 Nb8 19.Rh3 a6 20.Rg3 Nh8 21.Nf4 Nc6 22.Bc5 Kb7
23.h5 g5 24.hxg6 hxg6 25.Rh3 Nf7 26.Rh1 Rh8 27.Kd2 Rxh1 28.Rxh1 Rh8 29.Qf1 g5
30.Rxh8 Nxh8 31.Qh1 gxf4 32.Qxh8 Nxa5 33.Ke2 Nc6 34.Kf3 a5 35.Kxf4 b4 36.cxb4 axb4
37.Ke3 b3 38.cxb3 cxb3 39.Kd3 Qc7 40.Qh1 Qa5 41.Qh7+ Ka6 42.Qh8 Qb5+ 43.Kd2 Qb7
44.Qh1 Na5 45.Kc3 Qb5 46.Qb1 Qc4+ 47.Kd2 Kb5 48.f3 Nc6 49.Qb2  0-1

[Event "Noteboom Mem"]
[Site "Leiden NED"]
[Date "2010.02.14"]
[Round "5"]
[White "Villwock,M"]
[Black "Hammes,M"]
[Result "0-1"]
[WhiteElo "2212"]
[BlackElo "2375"]

1.e4 e6 2.d4 d5 3.Nc3 Bb4 4.e5 Ne7 5.Qg4 Nf5 6.Nf3 c5 7.Bd2 cxd4 8.Nxd4 h5
9.Qf4 g5 10.Nxe6 gxf4 11.Nxd8 Bxc3 12.Bxc3 Kxd8 13.O-O-O Be6 14.Bd2 Nd7 15.Bxf4 Rc8
16.Bd3 Nc5 17.Bxf5 Bxf5 18.Rxd5+ Ke8 19.Rhd1 Ne6  0-1

[Event "Noteboom Mem"]
[Site "Leiden NED"]
[Date "2010.02.14"]
[Round "5"]
[White "Van der Zon,S"]
[Black "Otten,Martijn"]
[Result "0-1"]
[WhiteElo "1691"]
[BlackElo "1874"]

1.e4 e6 2.d4 d5 3.Nc3 Bb4 4.e5 b6 5.a3 Bf8 6.f4 Nh6 7.Nf3 Nc6 8.Bd3 Bb7 9.O-O Qd7
10.Be3 Be7 11.Ne2 O-O-O 12.c3 f6 13.a4 Nf7 14.b4 fxe5 15.fxe5 g5 16.Nd2 Nfxe5
17.dxe5 Nxe5 18.Bc2 Ng4 19.Bd4 Rhf8 20.Ng3 h5 21.Qe2 c5 22.bxc5 bxc5 23.Nxh5 cxd4
24.Qxg4 dxc3 25.Nb3 d4 26.Rxf8 Bxf8 27.Re1 d3 28.Qc4+ Qc6 29.Qxc6+ Bxc6 30.Rxe6 Bd5
31.Re3 Bxb3 32.Bxb3 Bc5  0-1

[Event "TCh-Eur Seniors"]
[Site "Dresden GER"]
[Date "2010.02.16"]
[Round "7"]
[White "Andreas,G"]
[Black "Skorna,U"]
[Result "0-1"]
[WhiteElo "1990"]
[BlackElo "2101"]

1.e4 e6 2.d4 d5 3.Nc3 Bb4 4.e5 Ne7 5.a3 Bxc3+ 6.bxc3 b6 7.Qg4 Ng6 8.h4 h5
9.Qg3 Ba6 10.Bxa6 Nxa6 11.Ne2 Qd7 12.a4 O-O-O 13.Bg5 Rdf8 14.Qd3 Kb7 15.O-O Nb8
16.Rfb1 a6 17.g3 Ka7 18.c4 f6 19.Be3 Ne7 20.c5 Nbc6 21.cxb6+ cxb6 22.f4 Na5
23.Bd2 Nc4 24.a5 b5 25.Bb4 Rfg8 26.Kh2 Nf5 27.Bd2 g5 28.fxg5 Nxd2 29.Qxd2 fxg5
30.Rg1 gxh4 31.gxh4 Rg4 32.Ra3 Rxh4+ 33.Rh3 Qd8 34.Nf4 Rxh3+ 35.Nxh3 Rh7
36.Rg6 Qh4 37.c3 Rg7 38.Rxg7+ Nxg7 39.Qg5 Qxg5 40.Nxg5 Kb7 41.Nf7 Kc7 42.Kg2 Nf5
43.Ng5 Kd7 44.Kf2 b4 45.Nf3 bxc3 46.Ke2 Kc6 47.Kd3 Kb5  0-1

[Event "TCh-Eur Seniors"]
[Site "Dresden GER"]
[Date "2010.02.18"]
[Round "9"]
[White "Doetzel,Hartwig"]
[Black "Lahti,J"]
[Result "1/2-1/2"]
[WhiteElo "1845"]
[BlackElo "2020"]

1.e4 e6 2.d4 d5 3.Nc3 Bb4 4.e5 Qd7 5.Bd2 b6 6.a3 Bf8 7.Nf3 Ba6 8.Bxa6 Nxa6
9.Qe2 Nb8 10.O-O Nc6 11.Qd3 Nge7 12.Ne2 h6  1/2-1/2

[Event "Reykjavik Open"]
[Site "Reykjavik ISL"]
[Date "2010.02.25"]
[Round "2"]
[White "Bjornsson,Si"]
[Black "Cori,J"]
[Result "0-1"]
[WhiteElo "2317"]
[BlackElo "2483"]

1.e4 e6 2.d4 d5 3.Nc3 Bb4 4.e5 Ne7 5.a3 Bxc3+ 6.bxc3 c5 7.Nf3 Qc7 8.a4 b6
9.Bb5+ Bd7 10.Bd3 Nbc6 11.O-O Rc8 12.Ba3 Na5 13.Nd2 O-O 14.Ba6 Rce8 15.dxc5 Qxe5
16.Qf3 bxc5 17.Bxc5 Qc7 18.Ba3 Bc6 19.Qd3 e5 20.Rfe1 Rb8 21.c4 d4 22.Nf3 Bxf3
23.Qxf3 Rfd8 24.Rab1 Ng6 25.c5 Nf4 26.Rxb8 Qxb8 27.Qe4 f6 28.c6 Qb6 29.Bb5 a6
30.Be7 Re8 31.c7 axb5 32.Bd8 Qc5 33.axb5 Nc4 34.Ra1 Nd6 35.Qc6 Qxc6 36.bxc6 Ne6
37.Ra8 Nxc7 38.Rb8 Ne6 39.c7 Kf7 40.Kf1 g5 41.Bxf6 Nxc7 42.Rxe8 Ndxe8 43.Bxe5 Nb5
44.Ke2 Ke6 45.Bh8 Ned6 46.Kd3 Kd5 47.Bf6 Ne4  0-1

[Event "TCh-ISL 2009-10"]
[Site "Rekjavik ISL"]
[Date "2010.03.05"]
[Round "5"]
[White "Kjartansson,Dav"]
[Black "Hardarson,M"]
[Result "1-0"]
[WhiteElo "2303"]
[BlackElo "1842"]

1.e4 e6 2.d4 d5 3.Nc3 Bb4 4.e5 Ne7 5.a3 Bxc3+ 6.bxc3 b6 7.a4 Ba6 8.Bb5+ c6
9.Bxa6 Nxa6 10.Ba3 O-O 11.Qd3 Nb8 12.Nf3 f6 13.exf6 Rxf6 14.O-O Nd7 15.Rfe1 h6
16.Re2 Ng6 17.g3 Qe8 18.Rae1 Qf7 19.Nd2 Re8 20.f4 Kh8 21.c4 Rd8 22.c3 Ngf8
23.Bd6 Rf5 24.c5 bxc5 25.dxc5 Ng6 26.Rxe6 d4 27.cxd4 Nxc5 28.dxc5  1-0

[Event "TCh-ISL 2009-10"]
[Site "Rekjavik ISL"]
[Date "2010.03.05"]
[Round "5"]
[White "Thorsteinsson,B"]
[Black "Johannesson,I"]
[Result "0-1"]
[WhiteElo "2229"]
[BlackElo "2323"]

1.e4 e6 2.d4 d5 3.Nc3 Bb4 4.e5 Ne7 5.Nf3 c5 6.a3 Bxc3+ 7.bxc3 b6 8.Bb5+ Bd7
9.a4 Bxb5 10.axb5 a5 11.bxa6 Rxa6 12.Rxa6 Nxa6 13.Qe2 Nb8 14.O-O O-O 15.Ba3 Qc7
16.Qb5 Nd7 17.dxc5 bxc5 18.Re1 Ng6 19.h4 Ra8 20.h5 Ra5 21.Qe2 Rxa3 22.hxg6 fxg6
23.c4 d4 24.Ng5 Nf8 25.Qe4 h6 26.Nf3 Qb6 27.Nd2 Qb4 28.Qe2 Ra2 29.Rb1 Rb2
30.Rxb2 Qxb2 31.Nb3 Nd7 32.Qe4 Kh7 33.f4 Qc3 34.Qe2 Qb4 35.Kf2 Nb6 36.Nd2 Na4
37.g4 Nc3 38.Qd3 Nd1+ 39.Ke2 Ne3 40.Kf3 Qb2 41.Nb3 Nxc2 42.Ke4 Ne1 43.Qd2 Qb1+  0-1

[Event "TCh-ISL 2009-10"]
[Site "Rekjavik ISL"]
[Date "2010.03.05"]
[Round "6"]
[White "Kristinsson,Ba"]
[Black "Olafsson,H1"]
[Result "0-1"]
[WhiteElo "2166"]
[BlackElo "2522"]

1.d4 e6 2.e4 d5 3.Nc3 Bb4 4.e5 Qd7 5.Ne2 b6 6.a3 Bf8 7.Be3 c5 8.f4 Nc6 9.Nb1 Ba6
10.c3 Nh6 11.Ng3 Bxf1 12.Rxf1 f5 13.exf6 gxf6 14.f5 O-O-O 15.Qh5 Nf7 16.fxe6 Qxe6
17.Kf2 Re8 18.Qf5 Bh6 19.Re1 Qd7 20.Nd2 Bxe3+ 21.Rxe3 Rxe3 22.Kxe3 Re8+ 23.Kf2 cxd4
24.cxd4 Re2+  0-1

[Event "11th EICC Women"]
[Site "Rijeka CRO"]
[Date "2010.03.06"]
[Round "1"]
[White "Semenova,Ir"]
[Black "Mkrtchian,L"]
[Result "0-1"]
[WhiteElo "2272"]
[BlackElo "2500"]

1.e4 e6 2.d4 d5 3.Nc3 Bb4 4.e5 Ne7 5.a3 Bxc3+ 6.bxc3 c5 7.Nf3 Nbc6 8.h4 Qa5
9.Bd2 cxd4 10.cxd4 Qa4 11.h5 Nxd4 12.Bd3 h6 13.Kf1 Ndf5 14.Rb1 Nc6 15.Bb5 Qg4
16.Rb4 d4 17.Rxd4 Nxd4 18.Rh4 Qxf3 19.gxf3 Nxb5 20.Bb4 Nxb4 21.Rxb4 Nc3 22.Qd6 Nd5
23.Rg4 Bd7 24.Rxg7 Rc8 25.Rg4 a6 26.c4 Ne7 27.Qd2 Nf5 28.Rf4 Bc6 29.Qc3 Rg8
30.Rg4 Rg7 31.Ke1 Rd8 32.Ke2 Kf8 33.Qb4+ Kg8 34.Qc3 Kh7 35.Qb2 Rg5 36.Qb6 Rd7
37.Qc5 Rxh5 38.Qf8 Rg5 39.Qc5 Rxg4 40.fxg4 Nd4+ 41.Ke3 Nf3 42.Qf8 Nxe5  0-1

[Event "ch-Moscow KO"]
[Site "Moscow RUS"]
[Date "2010.03.25"]
[Round "1.1"]
[White "Grigoriants,S RUS"]
[Black "Morozov,G"]
[Result "1/2-1/2"]
[WhiteElo "2568"]
[BlackElo "2369"]

1.e4 e6 2.d4 d5 3.Nc3 Bb4 4.e5 Qd7 5.a3 Bf8 6.Bb5 c6 7.Bd3 b6 8.Nf3 Ba6 9.Bxa6 Nxa6
10.Ne2 Ne7 11.O-O Nc7 12.Be3 h5 13.Nh4 Nf5 14.Nxf5 exf5 15.Rc1 Be7 16.h3 b5
17.Ra1 a5 18.a4 g6 19.Qd2 b4 20.Rfc1 Ne6 21.Nf4 O-O 22.c4 Nxf4 23.Bxf4 Rfd8
24.c5 Qe6 25.Re1 Kf8 26.b3 Ke8 27.Bg5 Bxg5 28.Qxg5 Kd7 29.Re3 Rh8 30.h4 Rh7
31.Rae1 Rah8 32.Kh2 Rf8 33.Kg3 Rfh8 34.Kf4 Rh6 35.Kf3 R6h7 36.Ke2 Re8 37.Kd2 Reh8
38.Rf3 Re8 39.Ree3 Reh8 40.Re1 Re8 41.Re2 Reh8 42.Rf4 Re8 43.f3 Qe7 44.Rxf5 gxf5
45.Qxf5+ Kd8 46.Qxh7 Qxh4 47.Kd3 Qh1 48.Qxf7 Qb1+ 49.Ke3 Qg1+ 50.Kf4 Qxd4+
51.Kg3 Qxc5 52.Qxh5 Rg8+ 53.Kh2 Qf8 54.Kg1 Qc5+ 55.Kh2 Qf8 56.Qh4+ Kc8 57.Qh3+ Kb8
58.Kg1 Qc5+ 59.Kf1 Qc1+ 60.Kf2 Qc5+ 61.Kf1 Qc1+ 62.Re1 Qd2 63.e6 Qd3+ 64.Re2 Qd1+
65.Re1 Qd3+ 66.Re2 Qd1+ 67.Re1  1/2-1/2

[Event "26th Budapest Spring Festival"]
[Site "Budapest HUN"]
[Date "2010.03.26"]
[Round "7"]
[White "Kantor,G"]
[Black "Tran,T"]
[Result "1/2-1/2"]
[WhiteElo "2010"]
[BlackElo "2203"]

1.d4 e6 2.e4 d5 3.Nc3 Bb4 4.e5 b6 5.Qg4 Bf8 6.Nf3 Ba6 7.Bxa6 Nxa6 8.a3 Qd7
9.O-O Ne7 10.Bg5 Nf5 11.Nh4 h6 12.Nxf5 exf5 13.Qh3 c6 14.Ne2 Nc7 15.Bd2 g6
16.Qd3 Bg7 17.a4 Ne6 18.a5 O-O 19.axb6 axb6 20.Ra6 Qb7 21.Rfa1 Nc7 22.R6a2 c5
23.c3 Rxa2 24.Rxa2 Ra8 25.Qb1 Qc6 26.Rxa8+ Qxa8 27.f3 Qa6 28.Nc1 Ne6 29.Be3 f4
30.Bd2 cxd4 31.cxd4 g5 32.Bc3 h5 33.Qa2 Qb7 34.Nd3 Bf8 35.Nf2 b5 36.b4 Qc6
37.Qb3 Nc7 38.Nd3 Qg6 39.Be1 Ne6 40.Bf2 g4 41.Kf1 g3 42.hxg3 fxg3 43.Be3 h4
44.Ke2 Bh6 45.Bg1 Qg5 46.Qc2 h3 47.gxh3 Qf5 48.Qd1 Qxh3 49.Qf1 g2 50.Qf2 Nf4+
51.Nxf4 Bxf4 52.Kd1 Qh1 53.Ke2 Kf8 54.Kd3 Kg7 55.Ke2 Kg6 56.Kd3 Kh5 57.Kc3 Bh2
58.Qc2 Qxg1 59.Qf5+ Kh6 60.Qf6+  1/2-1/2

[Event "26th Budapest Spring Festival"]
[Site "Budapest HUN"]
[Date "2010.03.28"]
[Round "9"]
[White "Trajber,D"]
[Black "Yip,M"]
[Result "1/2-1/2"]
[WhiteElo "2123"]
[BlackElo "2017"]

1.e4 e6 2.d4 d5 3.Nc3 Bb4 4.e5 b6 5.a3 Bf8 6.Bd3 Bb7 7.Nf3 Qd7 8.O-O Nc6
9.b4 Nge7 10.b5 Nd8 11.Be3 f5 12.exf6 gxf6 13.Nh4 Bg7 14.Qh5+ Nf7 15.Qg4 Kf8
16.f4 f5 17.Qh5 Nd6 18.Nf3 Qe8 19.Qh3 h5 20.Ne5 Rh6 21.Rf3 Ng8 22.Rg3 Nf6
23.Rg5 Ng4 24.Qf3 Nxe3 25.Qxe3 Bf6 26.Qg3 Bxg5 27.Qxg5 Rh7 28.Ng6+ Kf7 29.Ne5+ Kf8
30.Ng6+  1/2-1/2

[Event "TCh-AUT 2009-10"]
[Site "Baden AUT"]
[Date "2010.03.29"]
[Round "10"]
[White "Boros,De"]
[Black "Socko,B"]
[Result "0-1"]
[WhiteElo "2494"]
[BlackElo "2643"]

1.e4 e6 2.d4 d5 3.Nc3 Bb4 4.e5 Ne7 5.a3 Bxc3+ 6.bxc3 c5 7.Qg4 Kf8 8.Bd2 Qc7
9.Bd3 b6 10.Nf3 cxd4 11.cxd4 Ba6 12.O-O Bxd3 13.cxd3 Nbc6 14.Rfc1 Qd7 15.Ra2 h6
16.Rac2 Kg8 17.h4 Rc8 18.Qh5 Nf5 19.Kf1 Nce7 20.Rxc8+ Nxc8 21.Bb4 Nce7 22.Bxe7 Nxe7
23.Kg1 Nc6 24.g3 a5 25.Rb1 Qc7 26.Kg2 Ne7 27.Qg4 Kh7 28.Qf4 Rf8 29.h5 Kg8
30.Qd2 Rb8 31.Rb5 Qc6 32.Qb2 Rb7 33.Rb3 Rb8 34.Rc3 Qd7 35.Rc5 Rb7 36.Rc2 Rc7
37.Ne1 Rxc2 38.Nxc2 Qc6 39.Kf1 Kf8 40.Ke2 Ke8 41.Kd2 Nc8 42.f4 Na7 43.Ne3 Qb5
44.Qc3 Kd7 45.Qa1 Nc6 46.g4 Qa4 47.Nc2 b5 48.f5 b4 49.axb4 Qxa1 50.Nxa1 axb4
51.Nb3 exf5 52.gxf5 Ne7 53.Nc5+ Kc6 54.Na6 Kb5 55.f6 gxf6 56.exf6 Ng8 57.Nc7+ Kc6
58.Ne6 Kd7 59.Nc5+ Kd6 60.Na6 b3 61.Nc5 b2 62.Kc2 Nxf6 63.Kxb2 Nxh5 64.Kc2 Ng3
65.Kd2 Nf5 66.Nb3 Ke6  0-1

[Event "22nd Kreuz-Open"]
[Site "Lenk SUI"]
[Date "2010.04.03"]
[Round "4"]
[White "Hajnal,Z"]
[Black "Duratti,L"]
[Result "0-1"]
[WhiteElo "2404"]
[BlackElo "2189"]

1.e4 e6 2.d4 d5 3.Nc3 Bb4 4.e5 b6 5.Qg4 Bf8 6.Nge2 Qd7 7.Be3 Nc6 8.O-O-O Bb7
9.Qh4 Nge7 10.g4 O-O-O 11.f4 Kb8 12.h3 h5 13.Rg1 Ng6 14.Qf2 hxg4 15.hxg4 f6
16.f5 Nge7 17.fxe6 Qxe6 18.Nf4 Qf7 19.Nh5 Ng8 20.Bg2 Nce7 21.Rdf1 Ba6 22.exf6 gxf6
23.Nxf6 Qe6 24.Nfxd5 Bxf1 25.Rxf1 Nxd5 26.Bxd5 Qc8 27.Bg2 a6 28.Qf3 Ka7 29.g5 Ne7
30.Qe4 Re8 31.Rf7 Rg8 32.Bf4 Rg7 33.Rxg7 Bxg7 34.Nd5 Nxd5 35.Qxd5 Rd8 36.Qc6 Bxd4
37.c3 Bc5 38.b4 Bd6 39.Be3 Qb8 40.g6 Be5 41.Kc2 Rd6 42.Qe4 c6 43.Qc4 Qe8
44.Bf1 Qxg6+ 45.Kc1 Qg3 46.Qxa6+ Kb8 47.Qxb6+ Kc8 48.Ba6+ Kd7 49.Qb7+ Ke8
50.Qb8+ Ke7 51.Qa7+ Kf6 52.Bd2 Bxc3 53.Be3 Qe1+ 54.Kc2 Be5 55.Bg5+ Kxg5 56.Qe7+ Rf6
57.Qg7+ Kf4  0-1

[Event "14th Neckar-Open"]
[Site "Deizisau GER"]
[Date "2010.04.04"]
[Round "6"]
[White "Dvirnyy,D"]
[Black "Miedema,R"]
[Result "1/2-1/2"]
[WhiteElo "2450"]
[BlackElo "2391"]

1.e4 e6 2.d4 d5 3.Nc3 Bb4 4.e5 Ne7 5.a3 Bxc3+ 6.bxc3 c5 7.Qg4 O-O 8.Bd3 Nbc6
9.Nf3 f5 10.Qg3 Kh8 11.h4 Bd7 12.dxc5 Ng6 13.Bf4 Nxf4 14.Qxf4 Qa5 15.Kd2 Qxc5
16.Nd4  1/2-1/2

[Event "Open"]
[Site "Thessaloniki GRE"]
[Date "2010.04.06"]
[Round "3"]
[White "Vocaturo,D"]
[Black "Tantsis,G"]
[Result "1/2-1/2"]
[WhiteElo "2489"]
[BlackElo "2192"]

1.e4 e6 2.d4 d5 3.Nc3 Bb4 4.e5 Ne7 5.a3 Bxc3+ 6.bxc3 c5 7.h4 h5 8.Nf3 Nbc6
9.a4 Qa5 10.Bd2 Bd7 11.g3 O-O-O 12.Bh3 f6 13.O-O fxe5 14.Ng5 cxd4 15.cxd4 Qb6
16.dxe5 Nxe5 17.Bc3 N7c6 18.Bxe5 Nxe5 19.Qe2 Nc6 20.Nf7 g5 21.Nxd8 Qxd8 22.Bxe6 gxh4
23.Rae1 Nd4 24.Bxd7+ Qxd7 25.Qe3 Qg4 26.Kg2 Rg8 27.Rd1 Ne6 28.Qc3+ Kb8 29.Qe5+ Ka8
30.Rfe1 Nf4+ 31.Kg1 a6 32.Rd4 hxg3 33.Rxf4 Qh3 34.Qxd5 Qh2+ 35.Kf1 g2+ 36.Ke2 g1=Q
37.Rxg1 Qxg1 38.Qxh5 Rd8 39.Rd4 Rf8 40.Qh4 Re8+ 41.Re4 Rc8 42.Kd2 Qb1 43.Rc4 Re8
44.f3 Rg8 45.Rg4 Rc8 46.Rc4 Rg8 47.Qd4 Rg2+ 48.Kd3 Qd1+ 49.Ke4 Qe2+ 50.Kf4 Rg8
51.Qc5 Rh8 52.Rc3 Rh4+ 53.Kg5 Qh2 54.Qc8+ Ka7 55.Qc5+ Ka8 56.Qc8+ Ka7 57.Qc5+  1/2-1/2

[Event "FSIMA May"]
[Site "Budapest HUN"]
[Date "2010.05.01"]
[Round "1"]
[White "Bagi,M"]
[Black "Tran,T"]
[Result "1/2-1/2"]
[WhiteElo "2156"]
[BlackElo "2210"]

1.e4 e6 2.d4 d5 3.Nc3 Bb4 4.e5 b6 5.Nh3 Qd7 6.Nf4 Nc6 7.a3 Bf8 8.Be2 Bb7
9.O-O g6 10.b4 Bg7 11.Bf3 Nge7 12.Nce2 O-O 13.c3 Rac8 14.a4 Rfd8 15.Qb3 Ba6
16.Qc2 Bc4 17.Nd3 Nb8 18.Ba3 Nf5 19.Nb2 Ba6 20.g3 c5 21.b5 cxd4 22.bxa6 Bxe5
23.Nd3 Bg7 24.Bg4 e5 25.Rfd1 e4 26.Nb4 d3 27.Nxd3 exd3 28.Qxd3 Nc6 29.Nf4 Ne5
30.Bxf5 gxf5 31.Qxd5 Qe8 32.Qb5 Nf3+ 33.Kg2 Qe4 34.Qe2 Nd2+ 35.Qxe4 Nxe4
36.Nd5 Bf8 37.Bxf8 Kxf8 38.f3 Nc5 39.Nb4 f4 40.gxf4 Ne6 41.Rxd8+ Rxd8 42.Kg3 Rc8
43.a5 b5 44.Rd1 Rxc3 45.Rd7 Rc7 46.Rd5 Rc5 47.Rd7 Rc7 48.Rd5 Rc5 49.Rd7 Rc7  1/2-1/2

[Event "ch-UKR"]
[Site "Alushta UKR"]
[Date "2010.05.04"]
[Round "2"]
[White "Izhnin,A"]
[Black "Evdokimov, Alexander"]
[Result "1-0"]
[WhiteElo "2360"]
[BlackElo "2187"]

1.e4 e6 2.d4 d5 3.Nc3 Bb4 4.e5 Ne7 5.a3 Bxc3+ 6.bxc3 c5 7.Nf3 Nbc6 8.a4 Qa5
9.Bd2 c4 10.Ng5 h6 11.Nh3 Bd7 12.Nf4 O-O-O 13.Nh5 Rhg8 14.g3 Kb8 15.Bg2 Nc8
16.O-O N6e7 17.Qc1 Bxa4 18.Qa3 b5 19.Rfb1 Ka8 20.f4 Qc7 21.Ra2 Nb6 22.g4 Qd7
23.Kh1 Nc6 24.Rf1 Qe7 25.Qxe7 Nxe7 26.f5 Nc6 27.Kg1 Kb7 28.h4 a5 29.g5 hxg5
30.Bxg5 Rd7 31.fxe6 fxe6 32.Bh3 Re8 33.Nf4 Nd8 34.Bxd8 Rdxd8 35.Nxe6 Rxe6
36.Bxe6 b4 37.cxb4 axb4 38.Rb1 b3 39.Rxa4 Nxa4 40.cxb3 Nc3 41.Rb2 Nd1 42.Rd2 Ne3
43.Kf2 c3 44.Ra2 c2 45.Ra1 Re8 46.Bf7 Re7 47.Kxe3 Rxf7 48.Rc1  1-0

[Event "ch-UKR"]
[Site "Alushta UKR"]
[Date "2010.05.05"]
[Round "3"]
[White "Linker,M"]
[Black "Burdalev,K"]
[Result "1/2-1/2"]
[WhiteElo "2053"]
[BlackElo "2285"]

1.e4 e6 2.d4 d5 3.Nc3 Bb4 4.e5 Qd7 5.a3 Bxc3+ 6.bxc3 b6 7.Nf3 Ne7 8.Bd3 Ba6
9.Bxa6 Nxa6 10.Qd3 Nb8 11.c4 Nbc6 12.cxd5 exd5 13.O-O Qf5 14.Qc3 O-O 15.a4 Qd7
16.Ba3 Rfe8 17.Bxe7 Nxe7 18.Nh4 c5 19.f4 cxd4 20.Qxd4 Rac8 21.Qd3 Rc4 22.a5 b5
23.Rad1 Rec8 24.Rd2 Qc7 25.Nf5 Nxf5 26.Qxf5 Qc5+ 27.Rff2 Re4 28.g4 Re1+ 29.Kg2 Rd8
30.Rfe2 Rxe2+ 31.Rxe2 Qc4 32.Kf3 d4 33.e6 fxe6 34.Qxe6+ Qxe6 35.Rxe6 d3 36.cxd3 Rxd3+
37.Ke4 Rd2 38.Ra6 Rxh2 39.Rxa7 b4 40.a6 b3 41.Ra8+ Kf7 42.a7 Ra2 43.Kd3 h6
44.Kc3 b2 45.Kc2 Kg6 46.f5+ Kh7 47.Kb1 Ra6 48.Kxb2 Rb6+ 49.Kc3 Rc6+ 50.Kd4 Rd6+
51.Ke5 Ra6 52.Kd5 Ra1 53.Ke6 Ra6+ 54.Ke7 Ra2 55.Kf7 Ra6 56.Ke7 Ra2 57.Kd6 Rd2+
58.Ke6 Ra2 59.Ke7 Ra6 60.Kf7 Rf6+ 61.Ke7 Ra6 62.Kd7 Ra2 63.Kc6 Rc2+ 64.Kd5 Ra2
65.Kc4 Ra1 66.Kd3 Ra4 67.Ke3 Ra3+ 68.Kf4 Ra1 69.Kf3 Ra3+ 70.Ke4 Ra1 71.Ke5 Ra6
72.Kd5  1/2-1/2

[Event "FSIMA May"]
[Site "Budapest HUN"]
[Date "2010.05.07"]
[Round "7"]
[White "Lengyel,B"]
[Black "Tran,T"]
[Result "0-1"]
[WhiteElo "2266"]
[BlackElo "2210"]

1.e4 e6 2.d4 d5 3.Nc3 Bb4 4.e5 b6 5.Bd2 Qd7 6.Nf3 Bb7 7.Ne2 Bxd2+ 8.Qxd2 Ne7
9.Nf4 h5 10.h4 Nbc6 11.Bd3 O-O-O 12.b4 Kb8 13.c3 Rde8 14.a4 f6 15.Bb5 a6
16.Bxc6 Nxc6 17.Nd3 a5 18.O-O Rhg8 19.Rfe1 Qf7 20.Nc1 g5 21.hxg5 fxg5 22.b5 Ne7
23.Nxg5 Qf5 24.f4 Ng6 25.Ne2 Nxf4 26.Qxf4 Qxg5 27.Qxg5 Rxg5 28.Rf1 Reg8 29.Rf2 Bc8
30.Rd1 Bd7 31.Rd3 c6 32.bxc6 Bxc6 33.Nf4 Re8 34.Ra2 Rf5 35.Rf3 Ref8 36.Nxe6 Rxf3
37.gxf3 Rxf3 38.Rg2 Bxa4 39.Rg8+ Kb7 40.Rg7+ Kc6 41.Nc7 h4 42.Kh2 Rxc3 43.e6 Kd6
44.Na8 Kxe6 45.Nxb6 Bc6 46.Nc8 a4 47.Re7+ Kf5 48.Nd6+ Kf4 49.Rf7+ Ke3 50.Nf5+ Ke4
51.Nxh4 a3 52.Ra7 Kxd4 53.Nf5+ Kc5 54.Ne7 Kb6 55.Nc8+ Kc5  0-1

[Event "FSIMA May"]
[Site "Budapest HUN"]
[Date "2010.05.09"]
[Round "9"]
[White "Lyell,M"]
[Black "Tran,T"]
[Result "1/2-1/2"]
[WhiteElo "2132"]
[BlackElo "2210"]

1.e4 e6 2.d4 d5 3.Nc3 Bb4 4.e5 b6 5.Bd2 Ne7 6.Nf3 Qd7 7.Bb5 c6 8.Bd3 Ba6
9.Ne2 Bxd2+ 10.Qxd2 c5 11.Ng3 Bxd3 12.cxd3 g6 13.dxc5 bxc5 14.Rc1 Qb5 15.O-O Nd7
16.b3 Nf5 17.Nxf5 gxf5 18.d4 Rc8 19.dxc5 Rxc5 20.Qg5 Qe2 21.Qg7 Rf8 22.Rxc5 Nxc5
23.Ng5 Ke7 24.Nxh7 Rc8 25.Qg5+ Kd7 26.Nf6+ Kc6 27.Rc1 Kb7 28.h4 d4 29.b4 d3
30.bxc5 d2 31.Rb1+ Ka6 32.Qf4 d1=Q+ 33.Rxd1 Qxd1+ 34.Kh2 Rxc5 35.h5 Rc1 36.h6 Qh1+
37.Kg3 Rg1 38.Qc4+ Ka5 39.Qc5+ Ka6 40.Qc6+ Ka5 41.Qc3+ Kb5 42.Qb2+ Ka5 43.Qd2+ Kb5
44.f4 Rd1 45.Qe2+ Kb4 46.h7 Rc1 47.Qb2+ Kc4 48.Qxc1+ Qxc1 49.h8=Q Qe3+ 50.Kh2 Qxf4+
51.Kh3 Qxe5 52.Qh4+ f4 53.Ng4 Qc3+ 54.Kh2 e5 55.Nf6 a5 56.Qg4 Qe1 57.Nd7 f5
58.Qh3 a4 59.Qxf5  1/2-1/2

[Event "FSIMA May"]
[Site "Budapest HUN"]
[Date "2010.05.10"]
[Round "11"]
[White "Turzo,A"]
[Black "Tran,T"]
[Result "0-1"]
[WhiteElo "2296"]
[BlackElo "2210"]

1.e4 e6 2.d4 d5 3.Nc3 Bb4 4.e5 b6 5.Qg4 Bf8 6.Bg5 Qd7 7.Nf3 Ne7 8.Bxe7 h5
9.Qg3 Qxe7 10.O-O-O Ba6 11.Kb1 Bxf1 12.Rhxf1 Nc6 13.Ng5 g6 14.f4 Bh6 15.Nf3 a6
16.Nh4 O-O-O 17.Qf2 Na5 18.Ka1 Bf8 19.Nf3 Kb7 20.Rc1 Qd7 21.Nd1 Rc8 22.Ne3 c5
23.dxc5 Bxc5 24.Qe2 Rc7 25.Rfd1 Rhc8 26.Nd4 Qa4 27.Nf3 Qe4 28.Re1 Bxe3 29.Ng5 Qxf4
30.Qxe3 Qxe3 31.Rxe3 Rxc2 32.Rxc2 Rxc2 33.b3 Rxg2 34.Nxf7 Nc6 35.Rf3 a5 36.Rf6 d4
37.Rxe6 d3 38.Nd6+ Ka6 39.Nc4 d2 40.Ne3 Re2 41.Nd1 Re1 42.Kb2 Rxd1 43.Kc2 Nd4+
44.Kxd1 Nxe6 45.Kxd2  0-1

[Event "ch-Commonwealth"]
[Site "Delhi IND"]
[Date "2010.05.12"]
[Round "4"]
[White "Shyam,N"]
[Black "Dzhumaev,M"]
[Result "1/2-1/2"]
[WhiteElo "2385"]
[BlackElo "2495"]

1.e4 e6 2.d4 d5 3.Nc3 Bb4 4.e5 b6 5.a3 Bf8 6.f4 Ne7 7.Be3 Qd7 8.Nf3 h5 9.Bd3 Ba6
10.Bxa6 Nxa6 11.Qd3 Nb8 12.Ne2 Nf5 13.Bf2 Nc6 14.O-O Nce7 15.Rfc1 h4 16.b3 Rd8
17.a4 a5 18.g4 hxg3 19.hxg3 c5 20.Kg2 Rc8 21.Qb5 Qxb5 22.axb5 c4 23.Nc3 Kd7
24.Nd2 Rc7 25.Na4 Nc8 26.bxc4 dxc4 27.c3 Nfe7 28.Nb2 Nd5 29.Nbxc4 g5 30.f5 exf5
31.Ne3 Nxc3 32.Nxf5 g4 33.Be1 Ne7 34.Nd6 Ned5 35.N2c4 Ne2 36.Nxb6+ Nxb6 37.Rxc7+ Kxc7
38.Bxa5 Bxd6 39.exd6+ Kb7 40.Re1 Nc4 41.Rxe2 Nxa5 42.Re7+ Kb6 43.Rxf7 Nc4
44.d7 Kc7 45.Rg7 Rf8 46.Kg1 Rb8 47.Rxg4 Rxb5 48.Rg7 Rb2 49.Rf7 Ne3 50.Rf3 Re2
51.Rf7 Rg2+ 52.Kh1 Rd2 53.Rf3 Ng4 54.Rf7 Ra2 55.Kg1 Rd2 56.Kh1 Ne3 57.Rf3 Re2
58.Rf7 Kd8 59.Kg1 Rg2+ 60.Kh1 Rxg3 61.Kh2 Rg8 62.Kh3 Nd5 63.Kh4 Ne7 64.Kh3 Kxd7
65.Rf6 Nd5 66.Ra6 Ke7 67.Kh4 Nf4 68.d5 Nxd5 69.Kh3 Nf4+ 70.Kh4 Ne6 71.Ra4 Kf6
72.Ra6 Ke5 73.Ra5+ Ke4 74.Ra4+ Nd4 75.Kh5 Rg1 76.Kh6 Ke5 77.Ra5+ Kf6 78.Ra6+ Ne6
79.Kh5 Rc1 80.Kh4 Kf5 81.Ra5+ Nc5 82.Kg3 Rc4 83.Ra8 Ne4+ 84.Kf3 Rc3+ 85.Ke2 Nf6
86.Kd2 Rh3 87.Ke2 Ke4 88.Ra4+ Ke5 89.Ra8 Nd5 90.Re8+ Kd4 91.Rd8 Re3+ 92.Kf2 Re7
93.Ra8 Rf7+ 94.Kg3 Nc3 95.Kg4 Ne4 96.Ra4+ Ke5 97.Ra5+ Ke6 98.Ra6+ Nd6 99.Kg3 Rf6
100.Kg2 Ke5 101.Ra8 Kf4 102.Kf2 Nc4 103.Ke2 Ke4 104.Re8+ Ne5 105.Ra8 Nc6
106.Re8+ Kd4 107.Rh8 Rf4 108.Rc8 Nb4 109.Ra8 Rf7 110.Ra4 Kc5 111.Ra8 Kc4
112.Rc8+ Kd4 113.Ra8 Nd5 114.Ra4+ Ke5 115.Ra5 Rf4 116.Ra8 Rb4 117.Rh8 Ke4
118.Re8+ Kd4 119.Rd8 Rb3 120.Kf2 Rd3 121.Ke2 Re3+ 122.Kf2 Re7 123.Ra8 Nc3
124.Rd8+ Ke4 125.Rc8 Rf7+ 126.Kg2 Nd5 127.Re8+ Ne7 128.Ra8 Nc6 129.Kg3 Rg7+
130.Kf2 Nd4 131.Re8+ Kd3 132.Rd8 Rg6 133.Rf8 Ne6 134.Ra8 Ke4 135.Re8 Kf4
136.Ra8 Nc5 137.Rf8+ Ke5  1/2-1/2